{"text_format":"3","workbook":"xlsx","n_sheets":17,"sheets":["部门财务收支预算总表01-1","部门收入预算表01-2","部门支出预算表01-3","部门财政拨款收支预算总表02-1","一般公共预算支出预算表02-2","一般公共预算“三公”经费支出预算表03","部门基本支出预算表04","部门项目支出预算表05-1","部门项目支出绩效目标表05-2","部门政府性基金预算支出预算表06","部门政府采购预算表07","部门政府购买服务预算表08","市对下转移支付预算表09-1","市对下转移支付绩效目标表09-2","新增资产配置表10","上级转移支付补助项目支出预算表11","部门项目中期规划预算表12"],"not_rendered":{"defined_names":17},"read":"part_unreadable","date_system":"1900"}

{"sheet":"部门财务收支预算总表01-1","index":0,"n_rows":0,"n_cols":0,"rows_kept":0,"read":"part_unreadable"}

{"sheet":"部门收入预算表01-2","index":1,"n_rows":0,"n_cols":0,"rows_kept":0,"read":"part_unreadable"}

{"sheet":"部门支出预算表01-3","index":2,"n_rows":0,"n_cols":0,"rows_kept":0,"read":"part_unreadable"}

{"sheet":"部门财政拨款收支预算总表02-1","index":3,"n_rows":0,"n_cols":0,"rows_kept":0,"read":"part_unreadable"}

{"sheet":"一般公共预算支出预算表02-2","index":4,"n_rows":0,"n_cols":0,"rows_kept":0,"read":"part_unreadable"}

{"sheet":"一般公共预算“三公”经费支出预算表03","index":5,"n_rows":0,"n_cols":0,"rows_kept":0,"read":"part_unreadable"}

{"sheet":"部门基本支出预算表04","index":6,"n_rows":0,"n_cols":0,"rows_kept":0,"read":"part_unreadable"}

{"sheet":"部门项目支出预算表05-1","index":7,"n_rows":0,"n_cols":0,"rows_kept":0,"read":"part_unreadable"}

{"sheet":"部门项目支出绩效目标表05-2","index":8,"n_rows":0,"n_cols":0,"rows_kept":0,"read":"part_unreadable"}

{"sheet":"部门政府性基金预算支出预算表06","index":9,"n_rows":0,"n_cols":0,"rows_kept":0,"read":"part_unreadable"}

{"sheet":"部门政府采购预算表07","index":10,"n_rows":0,"n_cols":0,"rows_kept":0,"read":"part_unreadable"}

{"sheet":"部门政府购买服务预算表08","index":11,"n_rows":11,"n_cols":20,"rows_kept":11,"merged":[[2,0,2,19],[3,0,3,8],[4,0,6,0],[4,1,6,1],[4,2,6,2],[4,3,6,3],[4,4,6,4],[4,5,6,5],[4,6,6,6],[4,7,6,7],[4,8,6,8],[4,9,4,19],[5,9,6,9],[5,10,6,10],[5,11,6,11],[5,12,6,12],[5,13,6,13],[5,14,5,19],[9,0,9,8]]}
[]
[{"$nulls":19},"预算08表"]
[{"$f":"\"2025\"&\"年部门政府购买服务预算表\"","v":"2025年部门政府购买服务预算表"}]
[{"$f":"\"单位名称：\"&\"云南省精神病医院\"","v":"单位名称：云南省精神病医院"},{"$nulls":18},"单位：元"]
["主管部门","单位名称","预算项目","政府购买服务项目","政府购买服务指导性目录代码","基本支出/项目支出","所属服务类别","所属服务领域","购买内容简述","资金来源"]
[{"$nulls":9},"合计","一般公共预算","政府性基金","国有资本经营收益","财政专户管理的收入","单位自筹"]
[{"$nulls":10},"小计",{"$nulls":3},"小计","事业收入","事业单位经营收入","上级补助收入","附属单位上缴收入","其他收入"]
[1,2,3,4,5,6,7,8,9,10,11,12,13,14,15,16,17,18,19,20]
[]
["合  计"]
["备注：此表无数据",{"$nulls":4},"备注：此表无数据"]

{"sheet":"市对下转移支付预算表09-1","index":12,"n_rows":10,"n_cols":24,"rows_kept":10,"merged":[[2,0,2,23],[3,0,3,8],[4,0,5,0],[4,1,4,3],[4,4,4,23]]}
[]
[{"$nulls":23},"预算09-1表"]
[{"$f":"\"2025\"&\"年市对下转移支付预算表\"","v":"2025年市对下转移支付预算表"}]
[{"$f":"\"单位名称：\"&\"云南省精神病医院\"","v":"单位名称：云南省精神病医院"},{"$nulls":22},"单位：元"]
["单位名称（项目）","资金来源",null,null,"地区"]
[null,"合计","一般公共预算","政府性基金","盘龙区","五华区","西山区","官渡区","呈贡区","晋宁区","东川区","富民县","宜良县","石林县","禄劝县","寻甸县","高新区","滇池旅游度假区","阳宗海管委会","滇中新区","安宁市","经开区","嵩明县","磨憨经济合作区"]
[1,2,3,4,5,6,7,8,9,10,11,12,13,14,15,16,17,18,19,20,21,22,23,24]
[]
[]
["备注：此表无数据"]

{"sheet":"市对下转移支付绩效目标表09-2","index":13,"n_rows":9,"n_cols":10,"rows_kept":9,"merged":[[2,0,2,9],[3,0,3,7]]}
[]
[{"$nulls":9},"预算09-2表"]
[{"$f":"\"2025\"&\"年市对下转移支付绩效目标表\"","v":"2025年市对下转移支付绩效目标表"}]
[{"$f":"\"单位名称：\"&\"云南省精神病医院\"","v":"单位名称：云南省精神病医院"}]
["单位名称（项目）","项目年度绩效目标","一级指标","二级指标","三级指标","指标性质","指标值","度量单位","指标属性","指标内容"]
[1,2,3,4,5,6,7,8,9,10]
[]
[]
["备注：此表无数据"]

{"sheet":"新增资产配置表10","index":14,"n_rows":139,"n_cols":9,"rows_kept":139,"merged":[[1,0,1,8],[2,0,2,8],[3,0,3,2],[4,0,5,0],[4,1,5,1],[4,2,5,2],[4,3,5,3],[4,4,5,4],[4,5,5,5],[4,6,4,8],[138,0,138,5]]}
[]
["预算10表\n"]
[{"$f":"\"2025\"&\"年新增资产配置预算表\"","v":"2025年新增资产配置预算表"}]
[{"$f":"\"单位名称：\"&\"云南省精神病医院\"","v":"单位名称：云南省精神病医院"},{"$nulls":7},"单位：元"]
["主管部门","单位名称","资产类别","资产分类代码.名称","资产名称","计量单位","财政部门批复数（元）"]
[{"$nulls":6},"数量","单价","金额"]
["1",null,"2","3","4","5","6","7","8"]
["昆明市卫生健康委员会","云南省精神病医院","设备","A02010105 台式计算机","台式计算机","元",108,{"v":5000,"d":"5,000.00"},{"v":540000,"d":"540,000.00"}]
["昆明市卫生健康委员会","云南省精神病医院","设备","A02010105 台式计算机","台式计算机","台",2,{"v":5000,"d":"5,000.00"},{"v":10000,"d":"10,000.00"}]
["昆明市卫生健康委员会","云南省精神病医院","设备","A02010108 便携式计算机","便携式计算机","元",7,{"v":7000,"d":"7,000.00"},{"v":49000,"d":"49,000.00"}]
["昆明市卫生健康委员会","云南省精神病医院","设备","A02010508 移动存储设备","移动存储设备","台",2,{"v":600,"d":"600.00"},{"v":1200,"d":"1,200.00"}]
["昆明市卫生健康委员会","云南省精神病医院","设备","A02019900 其他信息化设备","其他信息化设备","套",1,{"v":4000000,"d":"4,000,000.00"},{"v":4000000,"d":"4,000,000.00"}]
["昆明市卫生健康委员会","云南省精神病医院","设备","A02020100 复印机","复印机","台",1,{"v":20000,"d":"20,000.00"},{"v":20000,"d":"20,000.00"}]
["昆明市卫生健康委员会","云南省精神病医院","设备","A02020400 多功能一体机","多功能一体机","台",4,{"v":2500,"d":"2,500.00"},{"v":10000,"d":"10,000.00"}]
["昆明市卫生健康委员会","云南省精神病医院","设备","A02020800 触控一体机","触控一体机","台",4,{"v":12000,"d":"12,000.00"},{"v":48000,"d":"48,000.00"}]
["昆明市卫生健康委员会","云南省精神病医院","设备","A02021003 A4黑白打印机","A4黑白打印机","元",47,{"v":1200,"d":"1,200.00"},{"v":56400,"d":"56,400.00"}]
["昆明市卫生健康委员会","云南省精神病医院","设备","A02021004 A4彩色打印机","A4彩色打印机","台",2,{"v":2000,"d":"2,000.00"},{"v":4000,"d":"4,000.00"}]
["昆明市卫生健康委员会","云南省精神病医院","设备","A02021007 条码打印机","条码打印机","台",3,{"v":2000,"d":"2,000.00"},{"v":6000,"d":"6,000.00"}]
["昆明市卫生健康委员会","云南省精神病医院","设备","A02021099 其他打印机","其他打印机","台",1,{"v":2800,"d":"2,800.00"},{"v":2800,"d":"2,800.00"}]
["昆明市卫生健康委员会","云南省精神病医院","设备","A02021119 条码扫描器","条码扫描器","元",3,{"v":800,"d":"800.00"},{"v":2400,"d":"2,400.00"}]
["昆明市卫生健康委员会","云南省精神病医院","设备","A02021301 碎纸机","碎纸机","台",2,{"v":800,"d":"800.00"},{"v":1600,"d":"1,600.00"}]
["昆明市卫生健康委员会","云南省精神病医院","设备","A02021499 其他会计机械","其他会计机械","台",3,{"v":2800,"d":"2,800.00"},{"v":8400,"d":"8,400.00"}]
["昆明市卫生健康委员会","云南省精神病医院","设备","A02029900 其他办公设备","其他办公设备","台",1,{"v":12000,"d":"12,000.00"},{"v":12000,"d":"12,000.00"}]
["昆明市卫生健康委员会","云南省精神病医院","设备","A02029900 其他办公设备","其他办公设备","套",1,{"v":199800,"d":"199,800.00"},{"v":199800,"d":"199,800.00"}]
["昆明市卫生健康委员会","云南省精神病医院","设备","A02029900 其他办公设备","其他办公设备","个",1,{"v":3000,"d":"3,000.00"},{"v":3000,"d":"3,000.00"}]
["昆明市卫生健康委员会","云南省精神病医院","设备","A02029900 其他办公设备","其他办公设备","台",2,{"v":3000,"d":"3,000.00"},{"v":6000,"d":"6,000.00"}]
["昆明市卫生健康委员会","云南省精神病医院","设备","A02029900 其他办公设备","其他办公设备","张",4,{"v":1500,"d":"1,500.00"},{"v":6000,"d":"6,000.00"}]
["昆明市卫生健康委员会","云南省精神病医院","设备","A02029900 其他办公设备","其他办公设备","套",1,{"v":60000,"d":"60,000.00"},{"v":60000,"d":"60,000.00"}]
["昆明市卫生健康委员会","云南省精神病医院","设备","A02051227 电梯","电梯","部",7,{"v":300000,"d":"300,000.00"},{"v":2100000,"d":"2,100,000.00"}]
["昆明市卫生健康委员会","云南省精神病医院","设备","A02051227 电梯","电梯","部",1,{"v":500000,"d":"500,000.00"},{"v":500000,"d":"500,000.00"}]
["昆明市卫生健康委员会","云南省精神病医院","设备","A02061801 电冰箱","电冰箱","台",2,{"v":1500,"d":"1,500.00"},{"v":3000,"d":"3,000.00"}]
["昆明市卫生健康委员会","云南省精神病医院","设备","A02061801 电冰箱","电冰箱","台",1,{"v":10000,"d":"10,000.00"},{"v":10000,"d":"10,000.00"}]
["昆明市卫生健康委员会","云南省精神病医院","设备","A02061801 电冰箱","电冰箱","台",2,{"v":4000,"d":"4,000.00"},{"v":8000,"d":"8,000.00"}]
["昆明市卫生健康委员会","云南省精神病医院","设备","A02061802 风扇","风扇","台",1,{"v":200,"d":"200.00"},{"v":200,"d":"200.00"}]
["昆明市卫生健康委员会","云南省精神病医院","设备","A02061804 空调机","空调机","台",8,{"v":3500,"d":"3,500.00"},{"v":28000,"d":"28,000.00"}]
["昆明市卫生健康委员会","云南省精神病医院","设备","A02061806 空气净化设备","空气净化设备","台",4,{"v":800,"d":"800.00"},{"v":3200,"d":"3,200.00"}]
["昆明市卫生健康委员会","云南省精神病医院","设备","A02061809 调湿调温机","调湿调温机","台",1,{"v":3600,"d":"3,600.00"},{"v":3600,"d":"3,600.00"}]
["昆明市卫生健康委员会","云南省精神病医院","设备","A02061809 调湿调温机","调湿调温机","台",1,{"v":3600,"d":"3,600.00"},{"v":3600,"d":"3,600.00"}]
["昆明市卫生健康委员会","云南省精神病医院","设备","A02061809 调湿调温机","调湿调温机","台",1,{"v":5000,"d":"5,000.00"},{"v":5000,"d":"5,000.00"}]
["昆明市卫生健康委员会","云南省精神病医院","设备","A02061819 热水器","热水器","台",1,{"v":1500,"d":"1,500.00"},{"v":1500,"d":"1,500.00"}]
["昆明市卫生健康委员会","云南省精神病医院","设备","A02061899 其他生活用电器","其他生活用电器","台",4,{"v":5000,"d":"5,000.00"},{"v":20000,"d":"20,000.00"}]
["昆明市卫生健康委员会","云南省精神病医院","设备","A02061899 其他生活用电器","其他生活用电器","台",1,{"v":950,"d":"950.00"},{"v":950,"d":"950.00"}]
["昆明市卫生健康委员会","云南省精神病医院","设备","A02061899 其他生活用电器","其他生活用电器","台",1,{"v":2200,"d":"2,200.00"},{"v":2200,"d":"2,200.00"}]
["昆明市卫生健康委员会","云南省精神病医院","设备","A02062003 电动工具","电动工具","台",2,{"v":3200,"d":"3,200.00"},{"v":6400,"d":"6,400.00"}]
["昆明市卫生健康委员会","云南省精神病医院","设备","A02089900 其他通信设备","其他通信设备","套",1,{"v":990000,"d":"990,000.00"},{"v":990000,"d":"990,000.00"}]
["昆明市卫生健康委员会","云南省精神病医院","设备","A02099900 其他广播、电视、电影设备","其他广播、电视、电影设备","套",3,{"v":20000,"d":"20,000.00"},{"v":60000,"d":"60,000.00"}]
["昆明市卫生健康委员会","云南省精神病医院","设备","A02320300 医用电子生理参数检测仪器设备","医用电子生理参数检测仪器设备","台",1,{"v":500000,"d":"500,000.00"},{"v":500000,"d":"500,000.00"}]
["昆明市卫生健康委员会","云南省精神病医院","设备","A02320300 医用电子生理参数检测仪器设备","医用电子生理参数检测仪器设备","台",32,{"v":20000,"d":"20,000.00"},{"v":640000,"d":"640,000.00"}]
["昆明市卫生健康委员会","云南省精神病医院","设备","A02320300 医用电子生理参数检测仪器设备","医用电子生理参数检测仪器设备","台",1,{"v":470000,"d":"470,000.00"},{"v":470000,"d":"470,000.00"}]
["昆明市卫生健康委员会","云南省精神病医院","设备","A02320300 医用电子生理参数检测仪器设备","医用电子生理参数检测仪器设备","台",1,{"v":480000,"d":"480,000.00"},{"v":480000,"d":"480,000.00"}]
["昆明市卫生健康委员会","云南省精神病医院","设备","A02320300 医用电子生理参数检测仪器设备","医用电子生理参数检测仪器设备","台",1,{"v":35000,"d":"35,000.00"},{"v":35000,"d":"35,000.00"}]
["昆明市卫生健康委员会","云南省精神病医院","设备","A02320300 医用电子生理参数检测仪器设备","医用电子生理参数检测仪器设备","台",2,{"v":100000,"d":"100,000.00"},{"v":200000,"d":"200,000.00"}]
["昆明市卫生健康委员会","云南省精神病医院","设备","A02320300 医用电子生理参数检测仪器设备","医用电子生理参数检测仪器设备","台",5,{"v":35000,"d":"35,000.00"},{"v":175000,"d":"175,000.00"}]
["昆明市卫生健康委员会","云南省精神病医院","设备","A02320300 医用电子生理参数检测仪器设备","医用电子生理参数检测仪器设备","台",5,{"v":20000,"d":"20,000.00"},{"v":100000,"d":"100,000.00"}]
["昆明市卫生健康委员会","云南省精神病医院","设备","A02320300 医用电子生理参数检测仪器设备","医用电子生理参数检测仪器设备","台",2,{"v":50000,"d":"50,000.00"},{"v":100000,"d":"100,000.00"}]
["昆明市卫生健康委员会","云南省精神病医院","设备","A02320400 医用光学仪器","医用光学仪器","台",2,{"v":20000,"d":"20,000.00"},{"v":40000,"d":"40,000.00"}]
["昆明市卫生健康委员会","云南省精神病医院","设备","A02320800 物理治疗、康复及体育治疗仪器设备","物理治疗、康复及体育治疗仪器设备","台",1,{"v":5000,"d":"5,000.00"},{"v":5000,"d":"5,000.00"}]
["昆明市卫生健康委员会","云南省精神病医院","设备","A02320800 物理治疗、康复及体育治疗仪器设备","物理治疗、康复及体育治疗仪器设备","台",1,{"v":160000,"d":"160,000.00"},{"v":160000,"d":"160,000.00"}]
["昆明市卫生健康委员会","云南省精神病医院","设备","A02320800 物理治疗、康复及体育治疗仪器设备","物理治疗、康复及体育治疗仪器设备","台",2,{"v":200000,"d":"200,000.00"},{"v":400000,"d":"400,000.00"}]
["昆明市卫生健康委员会","云南省精神病医院","设备","A02320800 物理治疗、康复及体育治疗仪器设备","物理治疗、康复及体育治疗仪器设备","台",1,{"v":150000,"d":"150,000.00"},{"v":150000,"d":"150,000.00"}]
["昆明市卫生健康委员会","云南省精神病医院","设备","A02320800 物理治疗、康复及体育治疗仪器设备","物理治疗、康复及体育治疗仪器设备","台",1,{"v":50000,"d":"50,000.00"},{"v":50000,"d":"50,000.00"}]
["昆明市卫生健康委员会","云南省精神病医院","设备","A02320800 物理治疗、康复及体育治疗仪器设备","物理治疗、康复及体育治疗仪器设备","台",2,{"v":50000,"d":"50,000.00"},{"v":100000,"d":"100,000.00"}]
["昆明市卫生健康委员会","云南省精神病医院","设备","A02320800 物理治疗、康复及体育治疗仪器设备","物理治疗、康复及体育治疗仪器设备","台",1,{"v":460000,"d":"460,000.00"},{"v":460000,"d":"460,000.00"}]
["昆明市卫生健康委员会","云南省精神病医院","设备","A02320800 物理治疗、康复及体育治疗仪器设备","物理治疗、康复及体育治疗仪器设备","台",1,{"v":30000,"d":"30,000.00"},{"v":30000,"d":"30,000.00"}]
["昆明市卫生健康委员会","云南省精神病医院","设备","A02320800 物理治疗、康复及体育治疗仪器设备","物理治疗、康复及体育治疗仪器设备","台",1,{"v":12000,"d":"12,000.00"},{"v":12000,"d":"12,000.00"}]
["昆明市卫生健康委员会","云南省精神病医院","设备","A02320900 中医器械设备","中医器械设备","台",8,{"v":1000,"d":"1,000.00"},{"v":8000,"d":"8,000.00"}]
["昆明市卫生健康委员会","云南省精神病医院","设备","A02321000 医用磁共振设备","医用磁共振设备","台",1,{"v":17000000,"d":"17,000,000.00"},{"v":17000000,"d":"17,000,000.00"}]
["昆明市卫生健康委员会","云南省精神病医院","设备","A02321900 临床检验设备","临床检验设备","台",1,{"v":30000,"d":"30,000.00"},{"v":30000,"d":"30,000.00"}]
["昆明市卫生健康委员会","云南省精神病医院","设备","A02322500 急救和生命支持设备","急救和生命支持设备","台",1,{"v":235000,"d":"235,000.00"},{"v":235000,"d":"235,000.00"}]
["昆明市卫生健康委员会","云南省精神病医院","设备","A02322500 急救和生命支持设备","急救和生命支持设备","台",1,{"v":1000,"d":"1,000.00"},{"v":1000,"d":"1,000.00"}]
["昆明市卫生健康委员会","云南省精神病医院","设备","A02322500 急救和生命支持设备","急救和生命支持设备","台",4,{"v":180000,"d":"180,000.00"},{"v":720000,"d":"720,000.00"}]
["昆明市卫生健康委员会","云南省精神病医院","设备","A02322500 急救和生命支持设备","急救和生命支持设备","台",4,{"v":40000,"d":"40,000.00"},{"v":160000,"d":"160,000.00"}]
["昆明市卫生健康委员会","云南省精神病医院","设备","A02322500 急救和生命支持设备","急救和生命支持设备","台",1,{"v":180000,"d":"180,000.00"},{"v":180000,"d":"180,000.00"}]
["昆明市卫生健康委员会","云南省精神病医院","设备","A02322500 急救和生命支持设备","急救和生命支持设备","台",2,{"v":4000,"d":"4,000.00"},{"v":8000,"d":"8,000.00"}]
["昆明市卫生健康委员会","云南省精神病医院","设备","A02322500 急救和生命支持设备","急救和生命支持设备","台",1,{"v":4000,"d":"4,000.00"},{"v":4000,"d":"4,000.00"}]
["昆明市卫生健康委员会","云南省精神病医院","设备","A02322500 急救和生命支持设备","急救和生命支持设备","台",6,{"v":40000,"d":"40,000.00"},{"v":240000,"d":"240,000.00"}]
["昆明市卫生健康委员会","云南省精神病医院","设备","A02322800 消毒灭菌设备及器具","消毒灭菌设备及器具","台",1,{"v":30000,"d":"30,000.00"},{"v":30000,"d":"30,000.00"}]
["昆明市卫生健康委员会","云南省精神病医院","设备","A02329900 其他医疗设备","其他医疗设备","台",1,{"v":10000,"d":"10,000.00"},{"v":10000,"d":"10,000.00"}]
["昆明市卫生健康委员会","云南省精神病医院","设备","A02329900 其他医疗设备","其他医疗设备","台",3,{"v":3000,"d":"3,000.00"},{"v":9000,"d":"9,000.00"}]
["昆明市卫生健康委员会","云南省精神病医院","设备","A02329900 其他医疗设备","其他医疗设备","台",6,{"v":3000,"d":"3,000.00"},{"v":18000,"d":"18,000.00"}]
["昆明市卫生健康委员会","云南省精神病医院","设备","A02329900 其他医疗设备","其他医疗设备","台",1,{"v":2000,"d":"2,000.00"},{"v":2000,"d":"2,000.00"}]
["昆明市卫生健康委员会","云南省精神病医院","设备","A02329900 其他医疗设备","其他医疗设备","台",5,{"v":20000,"d":"20,000.00"},{"v":100000,"d":"100,000.00"}]
["昆明市卫生健康委员会","云南省精神病医院","设备","A02329900 其他医疗设备","其他医疗设备","台",5,{"v":6000,"d":"6,000.00"},{"v":30000,"d":"30,000.00"}]
["昆明市卫生健康委员会","云南省精神病医院","设备","A02329900 其他医疗设备","其他医疗设备","台",5,{"v":10000,"d":"10,000.00"},{"v":50000,"d":"50,000.00"}]
["昆明市卫生健康委员会","云南省精神病医院","设备","A02329900 其他医疗设备","其他医疗设备","台",2,{"v":50000,"d":"50,000.00"},{"v":100000,"d":"100,000.00"}]
["昆明市卫生健康委员会","云南省精神病医院","设备","A02329900 其他医疗设备","其他医疗设备","台",1,{"v":9000,"d":"9,000.00"},{"v":9000,"d":"9,000.00"}]
["昆明市卫生健康委员会","云南省精神病医院","设备","A02329900 其他医疗设备","其他医疗设备","台",5,{"v":6000,"d":"6,000.00"},{"v":30000,"d":"30,000.00"}]
["昆明市卫生健康委员会","云南省精神病医院","设备","A02329900 其他医疗设备","其他医疗设备","个",2,{"v":2000,"d":"2,000.00"},{"v":4000,"d":"4,000.00"}]
["昆明市卫生健康委员会","云南省精神病医院","设备","A02349900 其他安全生产设备","其他安全生产设备","台",1,{"v":160000,"d":"160,000.00"},{"v":160000,"d":"160,000.00"}]
["昆明市卫生健康委员会","云南省精神病医院","设备","A02462600 健身设备","健身设备","张",1,{"v":12000,"d":"12,000.00"},{"v":12000,"d":"12,000.00"}]
["昆明市卫生健康委员会","云南省精神病医院","设备","A02462600 健身设备","健身设备","个",2,{"v":6000,"d":"6,000.00"},{"v":12000,"d":"12,000.00"}]
["昆明市卫生健康委员会","云南省精神病医院","设备","A02462600 健身设备","健身设备","张",2,{"v":2500,"d":"2,500.00"},{"v":5000,"d":"5,000.00"}]
["昆明市卫生健康委员会","云南省精神病医院","设备","A02462700 运动康复设备","运动康复设备","台",1,{"v":5000,"d":"5,000.00"},{"v":5000,"d":"5,000.00"}]
["昆明市卫生健康委员会","云南省精神病医院","设备","A02469900 其他体育设备设施","其他体育设备设施","台",1,{"v":8000,"d":"8,000.00"},{"v":8000,"d":"8,000.00"}]
["昆明市卫生健康委员会","云南省精神病医院","图书和档案","A04010101 书籍、课本","书籍、课本","元",{"v":1000,"d":"1,000"},{"v":30,"d":"30.00"},{"v":30000,"d":"30,000.00"}]
["昆明市卫生健康委员会","云南省精神病医院","家具和用品","A05010199 其他床类","其他床类","张",15,{"v":1500,"d":"1,500.00"},{"v":22500,"d":"22,500.00"}]
["昆明市卫生健康委员会","云南省精神病医院","家具和用品","A05010199 其他床类","其他床类","张",2,{"v":1500,"d":"1,500.00"},{"v":3000,"d":"3,000.00"}]
["昆明市卫生健康委员会","云南省精神病医院","家具和用品","A05010199 其他床类","其他床类","张",4,{"v":1500,"d":"1,500.00"},{"v":6000,"d":"6,000.00"}]
["昆明市卫生健康委员会","云南省精神病医院","家具和用品","A05010199 其他床类","其他床类","张",5,{"v":10000,"d":"10,000.00"},{"v":50000,"d":"50,000.00"}]
["昆明市卫生健康委员会","云南省精神病医院","家具和用品","A05010201 办公桌","办公桌","张",10,{"v":900,"d":"900.00"},{"v":9000,"d":"9,000.00"}]
["昆明市卫生健康委员会","云南省精神病医院","家具和用品","A05010203 教学、实验用桌","教学、实验用桌","个",1,{"v":1800,"d":"1,800.00"},{"v":1800,"d":"1,800.00"}]
["昆明市卫生健康委员会","云南省精神病医院","家具和用品","A05010299 其他台、桌类","其他台、桌类","张",3,{"v":500,"d":"500.00"},{"v":1500,"d":"1,500.00"}]
["昆明市卫生健康委员会","云南省精神病医院","家具和用品","A05010301 办公椅","办公椅","把",10,{"v":500,"d":"500.00"},{"v":5000,"d":"5,000.00"}]
["昆明市卫生健康委员会","云南省精神病医院","家具和用品","A05010301 办公椅","办公椅","把",4,{"v":200,"d":"200.00"},{"v":800,"d":"800.00"}]
["昆明市卫生健康委员会","云南省精神病医院","家具和用品","A05010301 办公椅","办公椅","把",109,{"v":300,"d":"300.00"},{"v":32700,"d":"32,700.00"}]
["昆明市卫生健康委员会","云南省精神病医院","家具和用品","A05010303 会议椅","会议椅","把",15,{"v":500,"d":"500.00"},{"v":7500,"d":"7,500.00"}]
["昆明市卫生健康委员会","云南省精神病医院","家具和用品","A05010399 其他椅凳类","其他椅凳类","把",10,{"v":400,"d":"400.00"},{"v":4000,"d":"4,000.00"}]
["昆明市卫生健康委员会","云南省精神病医院","家具和用品","A05010401 三人沙发","三人沙发","组",1,{"v":2000,"d":"2,000.00"},{"v":2000,"d":"2,000.00"}]
["昆明市卫生健康委员会","云南省精神病医院","家具和用品","A05010401 三人沙发","三人沙发","组",1,{"v":2000,"d":"2,000.00"},{"v":2000,"d":"2,000.00"}]
["昆明市卫生健康委员会","云南省精神病医院","家具和用品","A05010499 其他沙发类","其他沙发类","组",5,{"v":3000,"d":"3,000.00"},{"v":15000,"d":"15,000.00"}]
["昆明市卫生健康委员会","云南省精神病医院","家具和用品","A05010502 文件柜","文件柜","个",1,{"v":1200,"d":"1,200.00"},{"v":1200,"d":"1,200.00"}]
["昆明市卫生健康委员会","云南省精神病医院","家具和用品","A05010502 文件柜","文件柜","个",10,{"v":900,"d":"900.00"},{"v":9000,"d":"9,000.00"}]
["昆明市卫生健康委员会","云南省精神病医院","家具和用品","A05010502 文件柜","文件柜","个",3,{"v":1000,"d":"1,000.00"},{"v":3000,"d":"3,000.00"}]
["昆明市卫生健康委员会","云南省精神病医院","家具和用品","A05010599 其他柜类","其他柜类","个",1,{"v":3000,"d":"3,000.00"},{"v":3000,"d":"3,000.00"}]
["昆明市卫生健康委员会","云南省精神病医院","家具和用品","A05010599 其他柜类","其他柜类","个",1,{"v":1500,"d":"1,500.00"},{"v":1500,"d":"1,500.00"}]
["昆明市卫生健康委员会","云南省精神病医院","家具和用品","A05010599 其他柜类","其他柜类","个",24,{"v":500,"d":"500.00"},{"v":12000,"d":"12,000.00"}]
["昆明市卫生健康委员会","云南省精神病医院","家具和用品","A05010599 其他柜类","其他柜类","个",1,{"v":1000,"d":"1,000.00"},{"v":1000,"d":"1,000.00"}]
["昆明市卫生健康委员会","云南省精神病医院","家具和用品","A05010599 其他柜类","其他柜类","个",25,{"v":950,"d":"950.00"},{"v":23750,"d":"23,750.00"}]
["昆明市卫生健康委员会","云南省精神病医院","家具和用品","A05010599 其他柜类","其他柜类","个",4,{"v":3000,"d":"3,000.00"},{"v":12000,"d":"12,000.00"}]
["昆明市卫生健康委员会","云南省精神病医院","家具和用品","A05010599 其他柜类","其他柜类","个",1,{"v":1500,"d":"1,500.00"},{"v":1500,"d":"1,500.00"}]
["昆明市卫生健康委员会","云南省精神病医院","家具和用品","A05010599 其他柜类","其他柜类","个",2,{"v":8750,"d":"8,750.00"},{"v":17500,"d":"17,500.00"}]
["昆明市卫生健康委员会","云南省精神病医院","家具和用品","A05010599 其他柜类","其他柜类","个",5,{"v":600,"d":"600.00"},{"v":3000,"d":"3,000.00"}]
["昆明市卫生健康委员会","云南省精神病医院","家具和用品","A05010599 其他柜类","其他柜类","个",126,{"v":450,"d":"450.00"},{"v":56700,"d":"56,700.00"}]
["昆明市卫生健康委员会","云南省精神病医院","家具和用品","A05010599 其他柜类","其他柜类","个",1,{"v":3000,"d":"3,000.00"},{"v":3000,"d":"3,000.00"}]
["昆明市卫生健康委员会","云南省精神病医院","家具和用品","A05010699 其他架类","其他架类","个",8,{"v":4000,"d":"4,000.00"},{"v":32000,"d":"32,000.00"}]
["昆明市卫生健康委员会","云南省精神病医院","家具和用品","A05019900 其他家具","其他家具","套",16,{"v":1100,"d":"1,100.00"},{"v":17600,"d":"17,600.00"}]
["昆明市卫生健康委员会","云南省精神病医院","家具和用品","A05019900 其他家具","其他家具","张",1,{"v":2500,"d":"2,500.00"},{"v":2500,"d":"2,500.00"}]
["昆明市卫生健康委员会","云南省精神病医院","家具和用品","A05019900 其他家具","其他家具","套",2,{"v":2200,"d":"2,200.00"},{"v":4400,"d":"4,400.00"}]
["昆明市卫生健康委员会","云南省精神病医院","家具和用品","A05019900 其他家具","其他家具","套",5,{"v":6000,"d":"6,000.00"},{"v":30000,"d":"30,000.00"}]
["昆明市卫生健康委员会","云南省精神病医院","家具和用品","A05019900 其他家具","其他家具","张",1,{"v":1800,"d":"1,800.00"},{"v":1800,"d":"1,800.00"}]
["昆明市卫生健康委员会","云南省精神病医院","家具和用品","A05020102 炊事机械","炊事机械","台",2,{"v":3000,"d":"3,000.00"},{"v":6000,"d":"6,000.00"}]
["昆明市卫生健康委员会","云南省精神病医院","家具和用品","A05020102 炊事机械","炊事机械","台",1,{"v":10000,"d":"10,000.00"},{"v":10000,"d":"10,000.00"}]
["昆明市卫生健康委员会","云南省精神病医院","无形资产","A08010101 发明专利","发明专利","个",2,{"v":10000,"d":"10,000.00"},{"v":20000,"d":"20,000.00"}]
["昆明市卫生健康委员会","云南省精神病医院","无形资产","A08010102 实用新型专利","实用新型专利","个",1,{"v":5000,"d":"5,000.00"},{"v":5000,"d":"5,000.00"}]
["昆明市卫生健康委员会","云南省精神病医院","无形资产","A08030199 其他作品著作","其他作品著作","元",3,{"v":50000,"d":"50,000.00"},{"v":150000,"d":"150,000.00"}]
["昆明市卫生健康委员会","云南省精神病医院","无形资产","A08060303 应用软件","应用软件","套",1,{"v":100000,"d":"100,000.00"},{"v":100000,"d":"100,000.00"}]
["昆明市卫生健康委员会","云南省精神病医院","无形资产","A08060399 其他计算机软件","其他计算机软件","套",1,{"v":18000000,"d":"18,000,000.00"},{"v":18000000,"d":"18,000,000.00"}]
["昆明市卫生健康委员会","云南省精神病医院","无形资产","A08060399 其他计算机软件","其他计算机软件","元",5,{"v":10000,"d":"10,000.00"},{"v":50000,"d":"50,000.00"}]
["合计",{"$nulls":5},{"v":1829,"d":"1,829"},{"v":45364930,"d":"45,364,930.00"},{"v":50849500,"d":"50,849,500.00"}]

{"sheet":"上级转移支付补助项目支出预算表11","index":15,"n_rows":12,"n_cols":11,"rows_kept":12,"merged":[[2,0,2,10],[3,0,3,6],[4,0,6,0],[4,1,6,1],[4,2,6,2],[4,3,6,3],[4,4,6,4],[4,5,6,5],[4,6,6,6],[4,7,6,7],[4,8,4,10],[5,8,6,8],[5,9,6,9],[5,10,6,10],[10,0,10,6]]}
[]
[{"$nulls":10},"预算11表"]
[{"$f":"\"2025\"&\"年上级转移支付补助项目支出预算表\"","v":"2025年上级转移支付补助项目支出预算表"}]
[{"$f":"\"单位名称：\"&\"云南省精神病医院\"","v":"单位名称：云南省精神病医院"},{"$nulls":9},"单位：元"]
["项目分类","项目名称","项目单位","功能科目编码","功能科目名称","经济科目编码","经济科目名称","合计","上级补助"]
[{"$nulls":8},"一般公共预算","政府性基金预算","国有资本经营预算"]
[{"$nulls":8},"小计"]
[1,2,3,4,5,6,7,8,9,10,11]
[]
[]
["合  计"]
["备注：此表无数据"]

{"sheet":"部门项目中期规划预算表12","index":16,"n_rows":12,"n_cols":7,"rows_kept":12,"merged":[[2,0,2,6],[3,0,3,3],[4,0,6,0],[4,1,6,1],[4,2,6,2],[4,3,6,3],[4,4,4,6],[5,4,6,4],[5,5,6,5],[5,6,6,6],[10,0,10,3]]}
[]
[{"$nulls":6},"预算12表"]
[{"$f":"\"2025\"&\"年部门项目中期规划预算表\"","v":"2025年部门项目中期规划预算表"}]
[{"$f":"\"单位名称：\"&\"云南省精神病医院\"","v":"单位名称：云南省精神病医院"},{"$nulls":5},"单位：元"]
["项目单位","项目分类","项目名称","项目级次","一般公共预算"]
[{"$nulls":4},{"$f":"\"2025\"&\"年\"","v":"2025年"},{"$f":"(\"2025\"+1)&\"年\"","v":"2026年"},{"$f":"(\"2025\"+2)&\"年\"","v":"2027年"}]
[{"$nulls":5},"小计"]
[1,2,3,4,5,6,7]
[]
[]
["合计",""]
["备注：此表无数据"]